| 000 | 00385nam a2200157 i 4500 | ||
|---|---|---|---|
| 001 | bg | ||
| 100 | 1 | _aANIKIN, G. V. | |
| 245 | 0 |
_aIstorija anglijskoj literatury / _cG.V. Anikin, N.P. Michal'skaja. |
|
| 260 |
_aMoskva, _c1975. |
||
| 700 | 1 | _aMICHALSKAJA, N. P. | |
| 040 | _cBPK | ||
| 041 | _apol | ||
| 080 | _a820(091) | ||
| 942 | _cKS | ||
| 008 | s pl f |000 0 pol | ||
| 999 |
_c16664 _d16664 |
||